00494nam a2200157 450000500170000001000150001702000260003203500140005803700130007208200120008510000200009724500980011726000380021527000630025330000200031620190508154410.0 aENG-125136 a9789380200767c399.00 aEN-108668 bDBAD/PUB a332.024 aChabria, Yogesh aThe happionaire's way to create wealth in a crash , slowdown or recession/cby Yogesh Chabria aNew DelhibNetwork 18 Publication a507, Prabhat Kiran, 17, Rajendra PlacebNew Delhie110008 a275p.c21cm(Hb)